00295nam a2200121Ia 4500008004100000082001700041100001300058245004500071250000800116260003300124300000800157650000800165191201s1991 xx 000 0 und d a658.804bREI aReeder B 0aIndustrial Marketing, Analysis, Planning a2nd aN.DelhibPrentice Hallc1991 a670 aMBA